British Sitcoms General Knowledge Quiz - Statistics

General Stats
  • This quiz has been taken 98 times
  • The average score is 7 of 20
Answer Stats
Hint Answer % Correct
What was voted the greatest British sitcom of all time in a 2004 poll conducted by the BBC? Only Fools and Horses
74%
What is the name of Blackadder's dim sidekick in the critically acclaimed BBC sitcom? Baldrick
69%
In which seaside town is the classic sitcom "Fawlty Towers" set? Torquay
64%
What is Victor Meldrew's famous catchphrase in "One Foot In The Grave"? I don't believe it!
57%
Richie Richard and Eddie Hitler share a grubby flat in Hammersmith in which cult 90s sitcom? Bottom
51%
What is the name of Frank Spencer's long suffering wife in "Some Mothers Do 'ave 'em"? Betty
46%
Who plays Linda La Hughes in the BBC2 sitcom "Gimme Gimme Gimme"? Kathy Burke
43%
What is the name of the 1980s spoof soap opera written by and starring Victoria Wood? Acorn Antiques
37%
In which popular TV quiz show does Moss appear in the sitcom "The IT Crowd"? Countdown
37%
With whom did Caroline Aherne write the hit sitcom "The Royle Family"? Craig Cash
35%
What do Alice and Hugo call their first-born daughter in "The Vicar Of Dibley"? Geraldine
32%
Who is Edina Monsoon's most famous PR client in "Absolutely Fabulous," making several cameo appearances on the show? Lulu
27%
What is the name of Hyacinth's nervous neighbour in Keeping Up Appearances? Elizabeth
25%
Which chocolate bar does Alan Partridge famously overindulge in during a nervous breakdown? Toblerone
21%
What type of office serves as the primary setting for the sitcom "May to December"? Solicitors
20%
What is the name of the tall, wine-quaffing, perma-tanned neighbour in "Two Doors Down"? Cathy
15%
Whereabouts in London is the channel 4 sitcom "Peep Show" set? Croydon
14%
In which sitcom is Jill Tyrell the anti-hero that runs her own (disgusting) beauty salon? Nighty Night
12%
Which much derided sitcom was based on the hugely successful "The Golden Girls" but was axed after a solitary series? The Brighton Belles
9%
What is the name of Amanda's shop (sorry, store) in the BBC's "Motherland"? Hygge Tygge
4%
No matching quizzes found
Score Distribution
Percent of People with Each Score
Percentile by Number Answered
Your Score History
You have not taken this quiz